000 00313nam a22001457a 4500
020 _a978-93-5811-714-1
082 _a894.812.3
_bVAR/T
100 _aPAUL VARGHESE, DEEPTHI
245 _a2020 MASK
260 _aTHRISSUR
_bEELIYA BOOKS
_c2020
300 _a202
520 _aNOVEL
650 _aNOVEL
942 _cBK
999 _c5292
_d5292